000 01567pam a2200409 i 4500
999 _c224925
_d224925
001 ocn981508649
003 OCoLC
005 20170823141627.0
008 170403s2018 mnua j 000 0 eng
010 _a2017007523
020 _a9781684100552
020 _a1684100550
035 _a(OCoLC)981508649
_z(OCoLC)973291259
_z(OCoLC)973305075
_z(OCoLC)973371608
040 _aDLC
_beng
_erda
_cDLC
_dOCLCO
_dOCLCQ
_dOCLCF
_dYDX
_dBTCTA
_dBDX
_dIMmBT
042 _apcc
050 0 0 _aGT4975
_b.M67 2018
082 0 0 _a394.2649
_223
092 0 _fE
_a394.2649
_bMOREY
100 1 _aMorey, Allan,
_eauthor.
_95719326
245 1 0 _aThanksgiving Day /
_cby Allan Morey ; Illustrations by Brian Hartley ; music by Erik Koskinen.
264 1 _aNorth Mankato, MN :
_bCantata Learning,
_c[2018]
300 _a24 pages :
_bcolor illustrations ;
_c24 x 29 cm +
_e1 audio disc (4 3/4 in.)
336 _atext
337 _aunmediated
337 _aaudio
338 _avolume
338 _aaudio disc
650 0 _aThanksgiving Day
_vJuvenile literature.
_95693997
650 0 _aThanksgiving Day
_vSongs and music
_vJuvenile literature.
_95730742
655 7 _aAudio-visual kits for children.
_2local.
_95730723
655 7 _aBooks with discs.
_2local.
_95730724
655 7 _aCompact discs.
_2local.
_95675080
655 7 _aNonfiction.
_2local.
_95714151
700 1 _aHartley, Brian,
_eillustrator.
_95730743
700 1 _aKoskinen, Erik,
_ecomposer.
_95730744
776 0 8 _iOnline version:
_aMorey, Allan.
_tThanksgiving Day.
_dNorth Mankato, MN : Cantata Learning, [2018]
_z9781684100569
_w(DLC) 2017016303.
907 _a.b376420479
942 _2ddc
_cKIT